000
00223 a2200097 4500
001
39813
100
_a
Ainsworth B A
245
_a
Education Through Travel
260
_a
Chicago
_b
Nelson Hall
_c
1979
090
_c
24817
_d
24817
942
_a
NUST-CAE
_c
M
_c
16466
999
_c
274886
_d
274886